Statistics for D Vocabulary Words Quiz #2

Click here to take the quiz!

General Stats

  • This quiz has been taken 39,969 times
    (39,961 since last reset)
  • The average score is 13 of 22

Answer Stats

DefinitionWord% Correct
Rule by the peopleDemocracy
92%
Disorder that causes high blood sugarDiabetes
90%
Physical certificate awarded to a graduateDiploma
85%
To draw or scribble aimlesslyDoodle
81%
High profile female singerDiva
77%
Variety of a language particular to
an area or group
Dialect
76%
Finger or toeDigit
75%
High-ranking noblemanDuke
70%
Fancy French way of saying buttDerrière
70%
Male beeDrone
66%
Informal exclamation that means "likewise"Ditto
64%
Underground prisonDungeon
64%
Large shoulder muscleDeltoid
57%
Young maiden in Medieval timesDamsel
55%
Horse race or type ofhatDerby
50%
Opposite of nocturnalDiurnal
47%
Type of camel with a single humpDromedary
45%
A widow who holds a title from
her late husband
Dowager
30%
Euphemism for layoffsDownsizing
28%
GenieDjinn
26%
Woman who assists in childbirthDoula
26%
Parliament of RussiaDuma
24%

Score Distribution

Percentile by Number Answered

Percent of People with Each Score

Your Score History

You have not taken this quiz since the last reset